La pluma y la ley: abogados y jueces en la narrativa peruana.

שמור ב:
מידע ביבליוגרפי
מחבר ראשי: Ramos Núñez, Carlos Augusto
פורמט: ספר
שפה:ספרדית
יצא לאור: Lima, Perú Universidad de Lima 2007
נושאים:
תגים: הוספת תג
אין תגיות, היה/י הראשונ/ה לתייג את הרשומה!

MARC

LEADER 00000nam a2200000 a 4500
001 UCH7568
003 CL-VaPUC
005 20220104130807.0
008 091119e20070000PE |||||||||||||||||spa|d
999 |c 338087  |d 338085 
020 |a 9789972451980 
040 |c Pontificia Universidad Católica de Valparaíso 
082 0 4 |a 340.10985 RAM 2007  |2 21 
100 0 |a Ramos Núñez, Carlos Augusto  |9 543968 
245 1 3 |a La pluma y la ley: abogados y jueces en la narrativa peruana. 
260 0 3 |a Lima, Perú  |b Universidad de Lima  |c 2007 
300 |a 251 páginas. 
583 |a last modification  |c 20121001 12:08:57  |k Rodrigo Vera 
650 0 |a Abogados  |9 256284 
650 0 |a Derecho peruano  |9 386941 
650 0 |a Literatura peruana  |9 257452 
651 0 |a Perú  |9 256567 
942 |c BK  |2 ddc 
945 |d 20091119 00:00:00  |a rbrito 
952 |0 0  |1 0  |2 ddc  |4 0  |6 340_109850000000000_RAM_2007  |7 0  |8 A  |9 430901  |a BIBDER  |b BIBDER  |d 2019-11-22  |i 4618696  |l 2  |o 340.10985 RAM 2007  |p 4618696  |r 2023-01-25  |s 2021-06-07  |t 1  |w 2019-11-22  |y BK  |k DER 
952 |0 0  |1 0  |2 ddc  |4 0  |6 340_109850000000000_RAM_2007  |7 0  |8 A  |9 430902  |a BIBDER  |b BIBDER  |d 2019-11-22  |i 4660455  |o 340.10985 RAM 2007  |p 4660455  |r 2019-11-22  |t 2  |w 2019-11-22  |y BK  |k DER